Delovoje obščenie

Salvato in:
Dettagli Bibliografici
Autore principale: Strelková, Katarína
Natura: Capitolo di libro
Lingua:russo
Tags: Aggiungi Tag
Nessun Tag, puoi essere il primo ad aggiungerne!!

MARC

LEADER 00000naa$a2200000$$$4500
001 0056024
005 20240502083138.4
041 0 |a rus 
044 |a HU 
245 1 0 |a Delovoje obščenie  |c Katarína Strelková 
100 1 |a Strelková, Katarína